00784 a2200169 4500003000500000005001700005010001200022040000900034082001200043100002300055245006600078260003700144300001500181505036600196600002100562650003100583NUST20230707092244.0 a7479485 cNust a515,HAR aHart, William L.  aCalculus with applications: bA Brif Course /cWilliam L Hart aNew Yorkb Laidlaw Brotherc1973 axii,327p.; aCertain precalculus(Page-1), Calculus with applications (Page-53) Differentiation of exponential and logarithmic functions (Page-145), Introduction to solid analytic geometry (Page-215), Partial differentiation and applications (Page-229), Applications of integration (Page-261), Improper integrals,and probability for a continuous random variable (Page-305). aWilliam L. Hart. aCalculus with applications